000 01331nam a2200241Ia 4500
003 Ost
005 20260507075255.0
008 260507s9999||||xx |||||||||||||| ||und||
020 _a3204479957
040 _cfsecg
041 _aara
082 _a330
100 _aالعتيبي، أحمد معجب
_eمؤلف
245 0 _aالمحافظ المالية الإستثمارية :
_bأحكامها و ضوابطها في الفقه الاسلامي /
_c أحمد معجب العتيبي
260 _aعمان:
_bالنفائس,
_c2007
300 _a207 صفحة؛
_c24 سم
520 _aمفهوم المحفظة الاستثمارية و خصائصها و طبيعة عملها ، العلاقة بين العميل و مدير المحفظة و المحددات المهنية المتبعة في بنتء المحفظة المالية و أهداف هذه المحافظ ، مشروعية المحافظ المالية و تكييفها الفقهي و الفرق بينها و بين الصناديق الاستثمارية و أخيرا أقسام المحافظ الاستثمارية و أحكامها الفقهية .
653 _aالاستثمار
653 _aالإقتصاد الإسلامي
653 _aالفقه الإسلامي- الاستثمار
653 _aالمالية
942 _cكتاب
999 _c43735
_d43735